| 000 | 01183nam a2200229Ia 4500 | ||
|---|---|---|---|
| 003 | Ost | ||
| 005 | 20260507075450.0 | ||
| 008 | 260507s9999||||xx |||||||||||||| ||und|| | ||
| 020 | _a56422977 | ||
| 040 | _cfsecg | ||
| 041 | _aara | ||
| 082 | _a658.3 | ||
| 100 |
_aابو بكر، مصطفى محمود _eمؤلف |
||
| 245 | 0 |
_aالموارد البشرية : _bمدخل تحقيق الميزة التنافسية / _c مصطفى محمود ابو بكر |
|
| 260 |
_aالاسكندرية: _bالدار الجامعية, _c2008 |
||
| 300 |
_a502 صفحة؛ _bإيضاحات ؛ _c24 سم |
||
| 520 | _aيحتوي الكتاب على المحاور التالية: إدارة الموارد البشرية مدخل لتحقيق الميزة التنافسية،المحددات الرئيسية لفعالية إدارة الموارد البشرية،المسار الوظيفي و فعالية إدارة الموارد البشرية،التطور التكنولوجي و تطوير و تطوير أنظمة الموارد البشرية. | ||
| 653 | _aإدارة الأفراد | ||
| 653 | _aالمنافسة | ||
| 653 | _aمنظمات الأعمال | ||
| 942 | _cكتاب | ||
| 999 |
_c44624 _d44624 |
||